书目信息 |
| 题名: |
生物
|
|
| 作者: | 沈同 主编 | |
| 分册: | 第三册 | |
| 出版信息: | 石家庄 河北少年儿童出版社 1999 |
|
| 页数: | 345页 | |
| 开本: | 20cm | |
| 丛书名: | ||
| 单 册: | ||
| 中图分类: | Q5 , G634.91 | |
| 科图分类: | ||
| 主题词: | 生物 , 教育--各级 | |
| 电子资源: | ||
| ISBN: | 7-5376-1229-3 | |
| 000 | 00767nam0 2200277 45 | |
| 001 | 0180009132 | |
| 005 | 20070612094157.59 | |
| 010 | @a7-5376-1229-3@dCNY11.30 | |
| 100 | @a19950420d1999 em y0chiy0121 ea | |
| 101 | 0 | @achi |
| 102 | @aCN@b130000 | |
| 105 | @ay z 000yy | |
| 200 | 10 | @a生物@e教师教学用书@Asheng wu@h第三册@Fshen tong deng zhu bian |
| 205 | @a修订版 | |
| 210 | @a石家庄@c河北少年儿童出版社@d1999@h2000 | |
| 215 | @a345页@d20cm | |
| 300 | @a三年制初级中学 | |
| 517 | 1 | @a教师教学用书@Ajiao shi jiao xue yong shu |
| 606 | @a生物 | |
| 606 | 0 | @a教育@x各级 |
| 690 | @aQ5@v4 | |
| 690 | @aG634.91@v3 | |
| 701 | 0 | @a沈同@Ashen tong@4主编 |
| 801 | 0 | @aCN@b上海图书馆@c20070612 |
| 801 | 2 | @aCN@bNLC@c20070608 |
| 905 | @dG634.91@e743:3(1)=2 | |
| 生物:教师教学用书.第三册.-修订版.-石家庄:河北少年儿童出版社,1999(2000) |
| 345页;20cm |
| 三年制初级中学 |
| ISBN 7-5376-1229-3:CNY11.30 |
| ● |
| 相关链接 |
|
|
|
|
正题名:生物
索取号:G634.91/743:3(1)=2
 
预约/预借
| 序号 | 登录号 | 条形码 | 馆藏地/架位号 | 状态 | 备注 |
| 1 | 0630953 | 206309537 | 第一样本阅览室/ [索取号:G634.91/743:3(1)=2] | 在馆 | |
| 2 | 0630954 | 206309546 | 密集书库/ [索取号:G634.91/743:3(1)=2] | 在馆 | |
| 3 | 0630955 | 206309555 | 密集书库/ [索取号:G634.91/743:3(1)=2] | 在馆 | |
| 4 | 0630956 | 206309564 | 密集书库/ [索取号:G634.91/743:3(1)=2] | 在馆 | |
| 5 | 0630957 | 206309573 | 密集书库/ [索取号:G634.91/743:3(1)=2] | 在馆 | |
| 6 | 0630958 | 206309582 | 密集书库/ [索取号:G634.91/743:3(1)=2] | 在馆 | |
| 7 | 0630959 | 206309591 | 密集书库/ [索取号:G634.91/743:3(1)=2] | 在馆 | |
| 8 | 0630960 | 206309608 | 密集书库/ [索取号:G634.91/743:3(1)=2] | 在馆 | |
| 9 | 0630961 | 206309617 | 密集书库/ [索取号:G634.91/743:3(1)=2] | 在馆 | |
| 10 | 0630962 | 206309626 | 密集书库/ [索取号:G634.91/743:3(1)=2] | 在馆 |